Introduction to probability models (Record no. 222)

MARC details
000 -LEADER
Fixed length control field 00452nam a2200181 4500
003 - CONTROL NUMBER IDENTIFIER
Control field SEACOMMC
005 - DATE AND TIME OF LATEST TRANSACTION
Control field 20231018050235.0
008 - FIXED-LENGTH DATA ELEMENTS--GENERAL INFORMATION
Fixed length control field 231018b |||||||| |||| 00| 0 eng d
040 ## - CATALOGING SOURCE
Original cataloging agency SEACOMMC
082 ## - DEWEY DECIMAL CLASSIFICATION NUMBER
Classification number 519.2
Book Number ROS
100 1# - MAIN ENTRY--PERSONAL NAME
Personal name Ross, Sheldon M.
245 1# - TITLE STATEMENT
Title Introduction to probability models
Statement of responsibility Sheldon M. Ross
250 ## - EDITION STATEMENT
Edition statement 8th ed.
260 ## - IMPRINT
Place of publication New Delhi
Name of publisher Elsevier
Date of publication 2004
650 ## - SUBJECT ADDED ENTRY--TOPICAL TERM
Topical term Mathematics
650 ## - SUBJECT ADDED ENTRY--TOPICAL TERM
Topical term Probabilities
942 ## - ADDED ENTRY ELEMENTS (KOHA)
Koha item type Books
Holdings
Withdrawn status Lost status Source of classification Damaged status Not for loan Home library Current library Date acquired Total Checkouts Call number Accession number Date last seen Price effective from Koha item type
    Dewey Decimal Classification     SEACOM MANAGEMENT COLLEGE SEACOM MANAGEMENT COLLEGE 05/08/2006   519.2 ROS 05201 18/10/2023 18/10/2023 Books
© Seacom Engineering College, All rights reserved.    Powered by Koha